| 000 | 003280000a22001090004500 | ||
|---|---|---|---|
| 090 |
_aAS _bSeriadas |
||
| 245 | 1 | 0 | _aRanas, Salamandras y Caecilias (<Tetrapoda: Amphibia>) de Colombia |
| 041 | 0 | _aEspañol | |
| 100 | 1 |
_aAcosta Galvis, Andrés Rymel _96246 |
|
| 942 | _cARTICULO | ||
| 773 | 1 |
_tBiota Colombiana _31061 _h3 _q289-319 _d2000 _g1 |
|
| 999 |
_c15333 _d15333 |
||